000 00361nam a2200121Ia 4500
008 220615s9999||||xx |||||||||||||| ||und||
100 _aJaster, Romy
245 0 _aAgents' Abilities
546 _aEnglish[eng]
650 _aabilities||dispositions||free will
856 _uhttps://library.oapen.org/bitstream/20.500.12657/37621/1/9783110650464.pdf
942 _cEB
999 _c10876
_d10876